Economic reforms in india since 1991 / (Record no. 157861)

MARC details
000 -LEADER
fixed length control field 00705nam a22002057a 4500
005 - DATE AND TIME OF LATEST TRANSACTION
control field 20181006112451.0
010 ## - LCCN (DPL NO)
LC control number ENG-124186
020 ## - INTERNATIONAL STANDARD BOOK NUMBER
International Standard Book Number 9789352807222
Terms of availability 325.00
035 ## - SYSTEM CONTROL NUMBER
System control number EN-107718
037 ## - SOURCE OF ACQUISITION
Source of stock number/acquisition DBAD/PUB
082 00 - DEWEY DECIMAL CLASSIFICATION NUMBER
Classification number 338.954
100 ## - MAIN ENTRY--PERSONAL NAME
Personal name Kashyap, Monika
245 10 - TITLE STATEMENT
Title Economic reforms in india since 1991 /
Statement of responsibility, etc by Monika Kashyap [and] Mahendra Babu Kuruva
260 ## - PUBLICATION, DISTRIBUTION, ETC. (IMPRINT)
Place of publication, distribution, etc New Delhi
Name of publisher, distributor, etc SAGE Publications,
Date of publication, distribution, etc 2018
270 ## - ADDRESS
Address B1/I-1 Mohan Cooperative Industrial Area, Mathura Road
City New Delhi
Postal code 110044
300 ## - PHYSICAL DESCRIPTION
Extent xxx,231p.(B-1p, I-1p)
Dimensions 24 cm.(pbk)
500 ## - GENERAL NOTE
General note It include bibliography and index
700 ## - ADDED ENTRY--PERSONAL NAME
Personal name Kuruva, Mahendra Babu
942 ## - ADDED ENTRY ELEMENTS (KOHA)
Source of classification or shelving scheme Dewey Decimal Classification
Item type English Books
Classification part 338.954
Call number suffix KAS
Holdings
Withdrawn status Lost status Not for loan Collection code Home library Current library Date acquired Source of acquisition Cost, normal purchase price Full call number Barcode Copy number Cost, replacement price Koha item type
    Not For Loan Non-fiction D.B.Act.Division Sarojini Nagar 06/10/2018 DBAD/PUB 325.00 338.954 KAS EN-107718 1 325.00 English Books

© Delhi Public Library
Hit Counter
free hit counter